قطب سر شا ر بہ حثيت شا عر نقا د و متر جم (Record no. 177844)

MARC details
000 -LEADER
fixed length control field 00730nam a22001937a 4500
005 - DATE AND TIME OF LATEST TRANSACTION
control field 20210308121954.0
010 ## - LCCN (DPL NO)
LC control number UR-11049
020 ## - INTERNATIONAL STANDARD BOOK NUMBER
Terms of availability 300.00
International Standard Book Number 9789390100224
035 ## - SYSTEM CONTROL NUMBER
System control number U-9604
037 ## - SOURCE OF ACQUISITION
Source of stock number/acquisition DBAD/PUB
082 ## - DEWEY DECIMAL CLASSIFICATION NUMBER
Classification number 840.08
100 ## - MAIN ENTRY--PERSONAL NAME
Personal name محمد عبد ا لنعيم
245 ## - TITLE STATEMENT
Title قطب سر شا ر بہ حثيت شا عر نقا د و متر جم
Statement of responsibility, etc محمد عبد ا لنعيم
246 ## - VARYING FORM OF TITLE
Remainder of title dr. Qutub Sarshar Bahaisiat -e-Shayer,Naqaqad-o-Mutarajim (Urdu)
Title proper/short title by Mohd. Abdul Nayeem
260 ## - PUBLICATION, DISTRIBUTION, ETC. (IMPRINT)
Place of publication, distribution, etc Delhi
Date of publication, distribution, etc 2020 ء
Name of publisher, distributor, etc Educational Publishing House
270 ## - ADDRESS
Address B.O. 3191,Vakil Street, Kucha Pandit,Lal Kuan,
City Delhi
Postal code 110006
Fax number -
300 ## - PHYSICAL DESCRIPTION
Extent 267ص
Dimensions 22 Cm(Hb)
942 ## - ADDED ENTRY ELEMENTS (KOHA)
Source of classification or shelving scheme Dewey Decimal Classification
Item type Urdu Bks
Classification part 840.08
Call number suffix م ح م
Holdings
Withdrawn status Lost status Not for loan Collection code Home library Current library Date acquired Source of acquisition Cost, normal purchase price Full call number Barcode Copy number Cost, replacement price Koha item type
      Non-fiction D.B.Act.Division Central Library 08/03/2021 DBAD/PUB 300.00 840.08 م ح م U-9604 1 300.00 Urdu Bks

© Delhi Public Library
Hit Counter
free hit counter